Quiz su Singapore - Statistics

Statistiche generali
  • Questo quiz è stato fatto 536 volte
  • Il punteggio medio è 10 su 21
Statistiche sulle risposte
Hint Risposta % Corretto
Lingue ufficiali Inglese
94%
Lingue ufficiali Cinese
93%
Paese che ha invaso Singapore nel 1942 Giappone
91%
Paese che ha fondato la città moderna nel 1819 Regno Unito
79%
Moneta Dollaro di Singapore
71%
Singapore ha il secondo ___ più trafficato al mondo, dopo Shanghai Porto
69%
Lingue ufficiali Malese
64%
Latitudine di Singapore (al numero intero più vicino) 1° Nord
62%
Termine utilizzato per descrivere le economie di Singapore, Taiwan, Hong Kong e Corea del Sud Quattro {Tigri} asiatiche
56%
Frutta popolare ma puzzolente che è vietata in metropolitana Durian
46%
Dolciume che è stato bandito nel 1992 Gomma da masticare
38%
Lingue ufficiali Tamil
38%
Significato di "Singapore" Città del {Leone}
37%
Mare all'estremità orientale dello stretto di Singapore Mar Cinese Meridionale
30%
Singapore ha il TFT più basso al mondo. Cosa significa TFT? Tasso di {Fertilità} Totale
28%
Primo ministro dal 1959 al 1990, spesso considerato un "dittatore benevolo" Lee Kuan-Yew
23%
Arma usata per infliggere punizioni corporali Bastone
21%
Cocktail al gin con ciliegia e ananas Singapore {Sling}
21%
Famosa statua che sputa acqua Merlion
18%
Famosa via dello shopping, un tempo sede di piantagioni di spezie e frutta {Orchard} Road
17%
Termine per una food court all'aperto {Hawker} Centre
13%
Nessun quiz corrispondente trovato
Distribuzione punteggi
Percentuale di utenti per punteggio
Percentile per numero di risposta
I tuoi punteggi nel tempo
Non hai fatto questo quiz